[Event "RUS-Cup03 Geller Memorial"]
[Site "Moscow"]
[Date "1999.02.07"]
[Round "6"]
[White "Kholmov, Ratmir D"]
[Black "Rychagov, Andrey"]
[Result "1-0"]
[WhiteElo "2458"]
[BlackElo "2487"]
[Annotator "Atlas,V"]
[PlyCount "89"]
[EventDate "1999.02.10"]
[EventType "swiss"]
[EventRounds "9"]
[EventCountry "RUS"]
[SourceTitle "CBM 070"]
[Source "ChessBase"]
[SourceDate "1999.06.08"]
[SourceVersion "1"]
[SourceVersionDate "1999.06.08"]
[SourceQuality "1"]

1. e4 c5 2. Nf3 e6 3. d4 cxd4 4. Nxd4 Nc6 5. Nc3 Qc7 6. g3 a6 7. Bg2 Nf6 8. O-O
d6 9. Nxc6 bxc6 10. Na4 Be7 ({Other options are:} 10... Rb8 11. c4 c5 12. Nc3
Be7 13. f4 Nd7 14. Qd3 O-O 15. g4 Bf6 16. Rf2 Bd4 17. Be3 Bxe3 18. Qxe3 Bb7 19.
g5 Rbe8 20. Rd1 Nb6 21. Qd3 {1/2-1/2 Hernandez,G-Pritchett,C/Novi Sad 1990/TD 
(41)}) (10... Bb7 11. c4 c5 12. Re1 (12. Nc3 Be7 13. f4 Nd7 14. Be3 O-O 15. g4
Bf6 16. Qd3 Rad8 17. Bd2 g6 18. Rae1 Rfe8 19. b3 Nb8 20. Qh3 {1-0 Kuzmin,
G-Maksimenko,A/Kherson 1989/CBM 16 (28)}) 12... Be7 13. b3 O-O 14. Bb2 Bc6 15.
e5 dxe5 16. Bxe5 Qb7 17. Bxc6 Qxc6 18. Qe2 {1-0 Malisauskas,V-Labuckas,A/
Vilnius 1994/EXT 97 (54)}) 11. c4 O-O (11... e5 12. Be3 Be6 13. b3 Rb8 14. h3
Qc8 15. Kh2 h5 16. Rc1 h4 17. g4 Qc7 18. Kh1 Nd7 19. c5 Nxc5 20. Nxc5 dxc5 21.
Bxc5 Bxc5 22. Rxc5 {1-0 Kavalek,L-Plachetka,J/Ostrava 1994/CBM 42 (34)}) 12.
Bf4 e5 13. Bg5 Be6 14. Rc1 Rab8 15. b3 Rfd8 16. Qe2 a5 17. Rfd1 h6 18. Bxf6
Bxf6 19. Bf3 g6 ({An attempt to prevent 20.Bg4 by} 19... Qc8 {fails to} 20. c5
d5 21. Nb6) 20. Bg4 Bg5 21. Rc3 ({Certainly, after} 21. Bxe6 Bxc1 {White has
no compensation for the exchange.}) 21... f5 22. Bf3 Bf6 23. h4 h5 24. Rc2 {
Intending to play 25. ef5 Bf5 26.Be4, with good attacking perspectives.} f4 25.
c5 $1 fxg3 (25... d5 26. gxf4 (26. exd5 $6 cxd5 27. gxf4 e4 $36) 26... exf4 27.
exd5 $16) 26. fxg3 d5 27. Nb6 dxe4 28. Bxe4 {[%csl Rg6,Rh5][%cal Ge4g6]} Rxd1+
29. Qxd1 Be7 (29... Kg7 {is stronbly met by} 30. Qe1 {, and the a5-pawn is
defenseless.}) 30. Bxg6 Bg4 (30... Bxc5+ 31. Rxc5 Qxb6 32. Qd6 {is hopeless
for Black.}) 31. Qf1 Rf8 32. Qc4+ Kg7 33. Be4 Qd8 34. Bxc6 Qd1+ 35. Kh2 Qe1 36.
Bg2 Rf3 {This attempt to cause tactical complications is easily refuted by
White.} ({If} 36... Bxh4 {then} 37. Qc3 $1 {, transforming the game into an
easily winning ending, as Black cannot prevent the advanced c-pawn march.} (37.
gxh4 $2 Qxh4+ 38. Kg1 Qe1+ 39. Kh2 (39. Bf1 Bh3 $19) 39... Qh4+ $11)) 37. Bxf3
Bxf3 38. Rg2 Bxg2 39. Kxg2 {Black is lost. White needs just to prevent the
e-pawn advancement by returning his knight to the king side.} e4 40. Nd5 Qd2+
41. Kh3 e3 42. Nf4 Qd1 43. Kg2 Qd2+ 44. Kf3 Qf2+ 45. Ke4 1-0

[Event "Dresden zt 1.2"]
[Site "Dresden"]
[Date "1998.05.01"]
[Round "4"]
[White "Sutovsky, Emil"]
[Black "Milov, Vadim"]
[Result "1/2-1/2"]
[WhiteElo "2595"]
[BlackElo "2635"]
[Annotator "Atlas,V"]
[PlyCount "71"]
[EventDate "1998.04.28"]
[EventType "swiss"]
[EventRounds "11"]
[EventCountry "GER"]
[SourceTitle "CBM 065"]
[Source "ChessBase"]
[SourceDate "1998.08.06"]
[SourceVersion "1"]
[SourceVersionDate "1998.08.06"]
[SourceQuality "1"]

1. e4 c5 2. Nf3 e6 3. Nc3 (3. d4 cxd4 4. Nxd4 Nc6 5. Nc3 Qc7 6. g3 a6 7. Bg2 d6
8. O-O Bd7 9. a4 Nf6 10. Nxc6 Bxc6 11. a5 Be7 12. Be3 Nd7 13. Na4 O-O 14. Nb6
Nxb6 15. Bxb6 Qd7 16. c4 Rae8 17. Qd2 f5 18. Rfe1 fxe4 19. Bxe4 Bd8 20. Bxd8
Bxe4 21. Rxe4 Rxd8 22. Rd1 Rf5 23. Qe3 Kf7 24. Re1 Re8 25. Qd3 Kg8 26. Rd4 {
1/2-1/2 Atlas,V-Kaenel,H/Winterthur-B 1996 (39)}) 3... a6 4. g3 Nc6 5. Bg2 d6
6. O-O Be7 7. d4 cxd4 8. Nxd4 Bd7 9. Nxc6 Bxc6 10. a4 Nf6 11. Be3 O-O 12. a5
Nd7 13. Na4 f5 ({The most popular continuation. The alternatives yield Black
better chances:} 13... Qc7 14. c4 Rae8 15. Nb6 Nc5 16. Qc2 f5 17. f3 fxe4 18.
fxe4 Bf6 19. Rac1 Nd7 20. b4 Ne5 21. Qe2 {Gipslis,A-Fogarasi,T/Ostrava 1993/
1-0 (51)}) (13... Kh8 $6 14. Re1 Qc7 15. Nb6 Rae8 16. c4 Nxb6 17. Bxb6 Qd7 18.
Qd3 f5 19. Rad1 fxe4 20. Bxe4 Bxe4 21. Rxe4 Rf5 22. Rde1 Bf8 23. R1e3 Qf7 24.
Qe2 e5 25. b3 $14) (13... Qxa5 {(an interesting exchange sacrifice, which,
however, does not yield Black a full compensation).} 14. Nb6 Qb5 15. Nxa8 Rxa8
16. Bd4 e5 17. Bc3 Nc5 18. Re1 Na4 19. Qd2 h6 20. b3 Nxc3 21. Qxc3 Bd8 22. Red1
Bb6 23. Bf1 {Mnatsakanian,E-Anastasian,A/ARM-ch Erevan 1994/1-0 (55)}) 14. Nb6
(14. exf5 Bxg2 15. Kxg2 Rxf5 16. Nb6 Nxb6 17. Bxb6 Qd7 18. Ra3 Bd8 19. Rd3 d5
20. c4 Bxb6 21. axb6 Qc6 {1/2-1/2 Bosch,J-Langeweg,K/NLD-ch sf 1995 (27)})
14... Nxb6 15. Bxb6 Qd7 16. Re1 (16. Qd3 {is the main alternative here:} fxe4 (
16... Bd8 17. Rad1 Bxb6 18. axb6 Rad8 19. f4 fxe4 20. Bxe4 Bxe4 21. Qxe4 d5 22.
Qd4 Qc6 {1/2-1/2 Nunn,J-Kirov,N/EU-chT 1980 (26)}) 17. Bxe4 Bxe4 18. Qxe4 d5 (
18... Bf6 19. c3 d5 20. Qg4 Rac8 21. Rfe1 Qe8 {1-0 (43) 1-0 Kudrin,
S-Wojtkiewicz,A/Las Vegas op 1993 (26)}) 19. Qg4 (19. Rad1 Qc6 20. Qg4 Bf6 21.
c3 Rae8 22. Rd2 Rf7 23. Re1 Rd7 24. f4 e5 25. Bd4 {1-0 Mestel,A-Liberzon,V/
Hastings 1979 (59)}) (19. Qe2) 19... Rac8 20. c3 Bc5 21. Bxc5 Rxc5 {1/2-1/2
Aleksic,N-Cvetkovic,S/JUG-chT FL 1990}) 16... fxe4 ({Black also tested here} 
16... Bd8 17. Bxd8 Raxd8 18. exf5 Rxf5 19. Bxc6 bxc6 20. Qe2 Rb5 21. c3 c5 22.
c4 Rb4 23. Rad1 d5 24. Qxe6+ Qxe6 25. Rxe6 Rxc4 26. Rxa6 $14 {1/2-1/2 Timman,
J-Polugaevsky,L/London 1984 (47)}) ({and} 16... Rae8 17. c4 fxe4 18. Bxe4 Bf6
19. Qd2 d5 20. Rad1 Kh8 21. Bg2 Ba4 22. Rc1 d4 {1/2-1/2 Marinkovic,I-Tringov,G/
Vrnjacka Banja 1990}) 17. Bxe4 Bxe4 18. Rxe4 Bf6 19. c3 d5 20. Re3 Rfe8 (20...
e5 $6 {proves a dubious undertaking in view of} 21. Rd3 d4 (21... Qb5 22. Qd2
Bg5 23. f4 $1 Bd8 (23... exf4 $2 24. Rxd5) 24. Bxd8 Raxd8 25. fxe5 $16) 22.
cxd4 exd4 23. Bxd4 Rad8 24. Bxf6 Qxd3 25. Bxd8 $16) 21. Qg4 {Clearly the
optimal position for the white queen.} Qc6 22. f4 Re7 ({After} 22... e5 {
White retains positional advantage by playing} 23. fxe5 Rxe5 24. Rxe5 Bxe5 25.
Re1 Re8 26. Qg5 h6 (26... Bd4+ $2 {is refuted by} 27. Bxd4 Rxe1+ 28. Kf2) 27.
Qd2) 23. Rae1 ({The most natural continuation, but it seems that} 23. Bd4 $5 {
was a good alternative here. After the text move Black realizes a liberating
pawn advance e6-e5 and equalize the game.}) 23... Rae8 24. h4 ({Now} 24. Qh5 {
is met by} g6) ({If} 24. Bd4 {then} Bxd4 25. cxd4 Qa4 $1 26. Rxe6 Qxd4+ 27. Kh1
{, and now} Qc4 $1 {(} 28. Rxe7 $140 Rxe7 29. Rxe7 $4 Qf1# {), with a good
play for Black.}) 24... e5 $1 25. fxe5 Rxe5 26. Rxe5 Rxe5 27. Rxe5 Bxe5 28. h5
Qe8 {/\Bf6, Kf7, Qe6.} 29. h6 (29. Qf5 {is met by} g6) 29... g6 30. Qg5 Kf7 {
Intending to centralize the king and play ...Qf7-f3.} 31. Bc5 Ke6 {[%csl Ra5,
Rb2,Rc3,Rg3,Rh6][%cal Ge5g3,Ge5c7,Ge5d6,Gd6f8,Gf8h6] Now White has nothing
better than force a draw by perpetual -otherwise, after ...Qf7 his position
would become dangerous due to his pawn setup inappropriate for the bishop
ending.} 32. Qg4+ Kf7 33. Qf3+ Ke6 34. Qg4+ Kf7 35. Qf3+ Ke6 36. Qg4+ 1/2-1/2

[Event "BCF-ch playoff"]
[Site "Hove"]
[Date "1997.08.15"]
[Round "2"]
[White "Adams, Michael"]
[Black "Sadler, Matthew D"]
[Result "1-0"]
[WhiteElo "2680"]
[BlackElo "2665"]
[Annotator "Atlas,V"]
[PlyCount "111"]
[EventDate "1997.08.15"]
[EventType "tourn"]
[EventRounds "3"]
[EventCountry "ENG"]
[EventCategory "15"]
[SourceTitle "CBM 061"]
[Source "ChessBase"]
[SourceDate "1997.11.23"]
[SourceVersion "1"]
[SourceVersionDate "1997.11.23"]
[SourceQuality "1"]

1. e4 {King,D} c5 2. Nf3 e6 3. d4 cxd4 4. Nxd4 Nc6 5. Nc3 Qc7 6. g3 a6 7. Bg2
Nf6 8. O-O Be7 9. Re1 d6 10. Nxc6 bxc6 11. e5 dxe5 12. Rxe5 O-O 13. Bf4 Qb7 14.
b3 (14. Re2 Nd5 (14... Rd8 15. Qe1 Qxb2 (15... Bd7 16. Rb1 Rac8 17. Ne4 Be8 18.
c4 Nxe4 19. Bxe4 Rd4 20. b3 Rcd8 21. Be5 R4d7 22. Bc3 Bc5 23. Ba5 Bb6 24. c5
Bxa5 25. Qxa5 f6 26. Rbb2 Rd4 27. Rbd2 Qe7 28. Rxd4 Rxd4 29. Qc3 Qd7 30. Re3 e5
{1/2-1/2 Barczay,L-Gauglitz,G/Debrecen 1987/EXT 87b}) 16. Rb1 Qa3 17. Bc7 Rf8
18. Rb3 Qc5 19. Na4 Qa7 20. Nb6 Qxc7 21. Nxa8 Qa7 22. Nb6 Bb7 23. Nc4 Ba8 24.
Nb6 Bb7 25. Qb1 c5 26. Nd7 Bxg2 27. Nxf6+ Bxf6 28. Kxg2 c4 29. Rb7 {Georgiev,
K-Ribli,Z/Wijk 1989/CBM 11/1-0 (57)}) 15. Be5 Rd8 16. Rd2 f6 17. Bd4 Nxc3 18.
Bxc3 Rxd2 19. Qxd2 e5 20. Qe2 Bd7 21. f4 Qb5 22. Qxb5 axb5 23. fxe5 Bc5+ 24.
Kh1 b4 25. Be1 fxe5 26. Be4 Be8 27. Kg2 Ra6 28. Bd3 Ra4 29. Bc4+ Bf7 30. Bxf7+
Kxf7 31. Bf2 Bd6 32. Kf3 Ke6 33. b3 Ra8 34. Ke4 g6 35. Be1 Rf8 36. c3 c5 37. a3
bxa3 38. Rxa3 Rf1 39. Bd2 Rb1 40. Be3 c4 41. b4 Re1 42. Ra6 h5 43. Rc6 g5 44.
Rxc4 g4 45. Rc6 Kd7 46. b5 Be7 47. Kd3 Rh1 48. Rh6 Rxh2 49. b6 Bd6 50. c4 e4+
51. Kxe4 Bxg3 52. c5 h4 53. c6+ Ke8 54. Rh8+ Ke7 55. c7 {1-0 Privara,I-Petrik,
S/SVK-ch Nova Bana 1983/MCD-ch}) (14. Rb1 Nd5 15. Nxd5 exd5 16. Qd2 Be6 17. c3
Bf6 18. Re2 Rfd8 19. Bg5 Bxg5 20. Qxg5 h6 21. Qh4 Rab8 22. b3 Qb6 23. Rbe1 Qc5
24. Re3 Qa3 25. R3e2 Qc5 26. Re3 Qa3 27. R3e2 {1/2-1/2 Landenbergue,C-Franzoni,
G/SWZ-chT 1994/EXT 94ch}) (14. Re1 Nd5 15. Nxd5 exd5 16. c4 dxc4 17. Qa4 Qb4
18. Qxb4 Bxb4 19. Bxc6 Ra7 20. Red1 Bf5 21. Rac1 Bd3 22. Bd2 Be7 23. Bd5 Rd7
24. Bxc4 Bxc4 25. Rxc4 Rfd8 26. Re1 Rxd2 27. Rxe7 Rxb2 28. Rf4 Rf8 {Fernandez
Garcia,J-Kotronias,V/Dubai olm 1986/TD 86\02/1-0 (77)}) 14... Nd5 15. Nxd5 exd5
16. Re1 Bb4 (16... Bf6 {is met by} 17. Be5) 17. Bd2 Bg4 (17... Be6 {also
deserves attention.}) 18. Qxg4 Bxd2 19. Re2 Bc3 20. Rd1 Rfe8 {The position
does not seem dangerous for Black. The accurate play must suffice to obtain a
draw.} 21. Rd3 Bf6 22. Rde3 Rxe3 23. Rxe3 a5 (23... h6 {was a good alternative.
}) 24. h4 Qc8 (24... Qb4 $6 {fails to} 25. Qd7) (24... h6 {or 24...Rd8 must
allow Black to equalize the game.}) 25. Qf4 Qb8 (25... Qd7 $14 {/=}) 26. Qa4
Qb5 $2 ({Incorrect sacrifice. Black could play} 26... Qd6 $142 {, keeping the
balance.}) 27. Qxb5 cxb5 28. Bxd5 Rd8 29. c4 {King: (f7) Although only a pawn
down and with opposite coloured bishops, the chances of Black surviving this
one are remote. The reason: the pressure on the f7 pawn which Black can never
properly eleviate.} Kf8 30. Kf1 h6 31. h5 Be7 32. Rf3 Bf6 (32... f6 {[%cal
Rf1h3,Rh3f5,Rf5g6] King,D would leave the kingside far too weak. White could
consider, among other things, a king march to g6.}) 33. Re3 Be7 34. Ke2 Bc5 35.
Rf3 Rd7 (35... f6 {weakens the light squares on the kingside.}) 36. Rf5 bxc4
37. Bxc4 Bb4 38. Ke3 Re7+ 39. Kd4 Rd7+ 40. Bd5 Rc7 41. g4 Ke8 42. Bc4 Rd7+ 43.
Ke4 Rc7 (43... Re7+ 44. Kd5 Rc7 45. Bb5+ {/\Bc6}) 44. Rb5 {Activating the rook,
vacating for the king f5-square, and preparing f2-f4 and g4-g5.} Be1 45. f4 Bd2
46. g5 a4 (46... hxg5 47. fxg5 a4 $2 {ia refuted by} 48. Rd5 {/\Bb5+. Still,
it is difficult to find a sufficient defence against Rb5+ and g8.}) 47. gxh6
gxh6 48. Rb6 axb3 49. axb3 Re7+ 50. Kf5 Rc7 51. Rxh6 {Now everything is clear.}
Kf8 52. Ra6 Rc5+ 53. Kg4 Bc3 54. Ra7 Kg7 55. Bxf7 Kh6 56. Bg8 {[%csl Rh6][%cal
Ga7h7,Gh7h6] Black reisgned in view of the line: 56...Bg7 57.Ra6+.} 1-0

[Event "Sao Paulo m"]
[Site "Sao Paulo"]
[Date "1996.??.??"]
[Round "1"]
[White "Polgar, Judit"]
[Black "Milos, Gilberto"]
[Result "1-0"]
[WhiteElo "2665"]
[BlackElo "2605"]
[Annotator "Atlas,V"]
[PlyCount "67"]
[EventDate "1996.11.29"]
[EventType "match"]
[EventRounds "4"]
[EventCountry "BRA"]
[SourceTitle "CBM 056"]
[Source "ChessBase"]
[SourceDate "1997.02.01"]
[SourceVersion "1"]
[SourceVersionDate "1997.02.01"]
[SourceQuality "1"]

1. e4 c5 2. Nf3 e6 3. d4 cxd4 4. Nxd4 Nc6 5. Nc3 Qc7 6. g3 a6 7. Bg2 Nf6 8. O-O
d6 9. Re1 Bd7 10. Nxc6 bxc6 11. Na4 Rd8 12. c4 c5 13. Bf4 ({The most active
comtinuation.} 13. Nc3 Be7 14. Bf4 Bc6 15. Qe2 O-O 16. Rad1 Nd7 17. g4 Ne5 {
does not lead to any advantage: Gruenfeld,Y-Franzoni,G/Biel-JMT 1986 (48)})
13... Be7 ({An accurate move. An attempt to prevent 14.e5 by} 13... Bc6 {
admits a beautiful refutation:} 14. Nxc5 $1 e5 15. Nxa6 Qb6 16. b4 Bd7 17. b5
exf4 18. e5 dxe5 19. Rxe5+ Be6 20. Bc6+ Ke7 21. Qe2 fxg3 22. hxg3 Nd7 23. c5
Qa5 24. Rxe6+ fxe6 25. Re1 $18 {Wedberg,T-Ogaard,L/Oslo 1980 (29)}) 14. e5 $5
dxe5 15. Bxe5 Qa5 16. Nc3 O-O {[%cal Gg2a8,Re5b8] White has a slight, but
enduring advantage, retaining control over the important diagonals.} 17. Qf3
Bc8 18. Rad1 Rxd1 19. Rxd1 Rd8 20. h3 Rxd1+ 21. Qxd1 Nd7 22. Bf4 Qb4 $6 ({
This active move is an inaccuracy.} 22... Qd8 {was more stubborn.}) 23. Qe2 {
[%csl Gd5][%cal Re2e7] Threatening Nd5.} Bf8 24. Ne4 {Now the threat is Nd6.}
Qb6 ({After} 24... e5 25. Bc1 {white knight comes via c3 to d5.}) 25. Qd2 {
Resuming the threat Nd6.} Nf6 $6 {There was no need to weaken the kingside
pawn structure. It would be better to choose 25...e5, although after 26.Be3
White has good chances to use the square d5.} 26. Nxf6+ gxf6 27. b3 {Preparing
27.Qd1} Be7 $6 {Black misplaces his bishop. Now the kngside is seriously
diminished, and White developes a dangerous attack. Better was} (27... Bg7 $142
{/\} 28. Qd6 (28. Bd6 Qd8) 28... Qxd6 29. Bxd6 Bf8 {and although White retains
better chances, it is not clear that he will win.}) 28. Qd1 $1 {Now the threat
is Qg4 and Bh6.} f5 29. g4 $1 e5 30. Qe2 $2 ({Not the best way. After the most
natural} 30. Bxe5 Qe6 (30... fxg4 31. hxg4 Qe6 32. Bc3 Qxg4 33. Qxg4+ Bxg4 34.
Bb7 $18) {White gets excellent winning chances by} 31. Bc3 {(31.Qd5 fg4 32.Qe6
Be6 33.hg4 Bg4 34.Bb7 must also suffice)} fxg4 32. hxg4 Qxg4 33. Qxg4+ Bxg4 34.
Bb7) 30... f6 31. Bd5+ Kh8 $2 ({Black returns the compliment. It was essential
to continue} 31... Kg7 $1 {, retaining good counterchances, e. g.:} 32. g5 (32.
gxf5 Bxf5 33. Qh5 Bg6) 32... Qd6 (32... fxg5 $5 33. Bxe5+ Bf6) 33. Bg3 (33. Qh5
$6 fxg5 (33... exf4 $140 $4 34. Qf7+ Kh8 35. Qg8#) 34. Bxg5 $140 Bxg5 35. Qxg5+
(35. Qf7+ $4 Kh6 $19) 35... Qg6 $17) 33... Be6 (33... f4 $143 34. Qh5 $1 fxg5
35. Qf7+ Kh6 36. Be4 $18) 34. Bxe6 Qxe6) {[%tqu "En","Which continuation
yields a decisive attack?","","","g4g5","The real point of the combination.",
10]} 32. g5 $3 {The real point of the combination.} Qc7 {[%csl Re5,Rf6][%cal
Ge2h5,Gh5e8]} (32... Qd6 {doesn't help because of} 33. Qh5 $1 fxg5 34. Qf7 {
, and mate is ineviatble.}) {[%tqu "En","","","","e2h5","The final blow.",10]}
33. Qh5 $1 {The final blow.} Bf8 (33... fxg5 34. Qf7 $18) 34. gxf6 $1 {[%csl
Gf7] After 34...gf4 35.Qe8 Qd6 36.Qf7 mate is inevitable.} 1-0

[Event "Villa Martelli"]
[Site "Villa Martelli"]
[Date "1998.05.20"]
[Round "2"]
[White "Ginzburg, Maximiliano"]
[Black "Milos, Gilberto"]
[Result "0-1"]
[WhiteElo "2470"]
[BlackElo "2555"]
[Annotator "Atlas,V"]
[PlyCount "108"]
[EventDate "1998.05.??"]
[EventType "tourn"]
[EventRounds "9"]
[EventCountry "ARG"]
[EventCategory "9"]
[SourceTitle "CBM 065"]
[Source "ChessBase"]
[SourceDate "1998.08.06"]
[SourceVersion "1"]
[SourceVersionDate "1998.08.06"]
[SourceQuality "1"]

1. e4 c5 2. Nf3 e6 3. d4 cxd4 4. Nxd4 Nc6 5. Nc3 Qc7 6. g3 a6 7. Bg2 Nf6 8. O-O
d6 9. Re1 Rb8 10. a4 (10. Nxc6 bxc6 11. Na4 Nd7 12. c4 c5 13. b3 Be7 14. Bb2
O-O 15. f4 Bb7 16. Qg4 Bf6 17. Bxf6 Nxf6 18. Qe2 Nd7 19. Rad1 Rbd8 20. e5 {
1/2-1/2 Dueball,J-Horvath,C/EUCup Honved-Solingen 1989 (41)}) 10... Be7 11. h3
(11. Nb3 b6 12. f4 O-O 13. g4 Re8 14. g5 Nd7 15. Be3 Bf8 16. Qe2 Nb4 17. Rad1
Nc5 18. Rd2 Bb7 19. Qc4 Nc6 20. Nc1 Na5 21. Qf1 {1/2-1/2 Almasi,Z-Benjamin,J/
Moscow olm 1994 (57)}) 11... O-O 12. g4 Re8 13. g5 Nd7 14. Nce2 Bf8 15. c3 b6
16. Ng3 Bb7 17. Nc2 Nc5 18. Ne3 b5 19. axb5 axb5 20. Ng4 (20. f4 {, prventing
20...Ne5 was a good alterntive to the knight move in this position.}) 20... Ne5
$1 {An important defensive operation. It is essential to exchange the g4
knight, since White was threatening 21.Nh5, followed by 22.Nhf6+ gf6 23.Nf6+
Kh8 24.Qh5->.} 21. Nh5 Nxg4 22. Qxg4 Ra8 $1 {[%csl Re4][%cal Ga8a4,Ga4e4,Ge8a8,
Gb7e4,Gc5e4] Starting fight for the only open file and planning to set a rook
on a4, attacking the central e4-pawn.} 23. Rb1 ({Tempting} 23. Nf6+ {is
refuted by} gxf6 24. gxf6+ Kh8 25. Rxa8 Rxa8 26. Re3 Nd7 $1 (26... Bh6 $2 27.
Rg3 $18) (26... Ra1 $2 27. Rg3 $1 Rxc1+ 28. Kh2 {, with inevtiable mate}) 27.
Rg3 Nxf6 28. Qg5 Qe7 29. e5 dxe5 30. Bxb7 h6 31. Qxe5 Ra1 {, and Black wins.})
23... Nd3 24. Rd1 Ne5 25. Qg3 Ra4 26. Re1 Rea8 27. f4 $6 (27. Kh2 {was to be
preferred here.}) 27... Nd7 {Threatening 28...Nc5.} 28. f5 Re8 29. fxe6 $2 ({
After this move White's position is critical.} 29. g6 $2 {is refuted by} hxg6
30. fxg6 Qc5+ 31. Qf2 Qxf2+ 32. Kxf2 Nc5 {and White's positon is unbearable.})
(29. Bf4 {was a right choice.}) 29... Rxe6 30. Nf4 d5 $1 31. Qf2 Rexe4 $1 {
Efficient sacrifice, yielding Black excellent attacking perspectives.} 32. Bxe4
dxe4 33. Rf1 Ne5 {[%csl Rf3,Rg2][%cal Ge5f3,Ge4e3,Gb7h1] Exploiting the
chronical weakness of the light squares in the white king's residence.} 34. Be3
Nf3+ 35. Kh1 Nxg5 36. Rbd1 Nf3 37. Qg2 Ra6 {[%csl Rh3][%cal Ga6h6,Gh6h3,Gb7c8,
Gc8h3] Involving the rook into attack.} 38. Nd5 Qc8 39. Qg4 f5 40. Qf4 Rh6 41.
Kg2 Qe6 42. Nc7 Qc4 43. Kf2 Be7 $1 {[%csl Rf2][%cal Ge7h4,Gh4f2,Gc4e2,Gh6g6,
Gg6g2] Now all black pieces are involved into attacking operations. White is
entirely defenseless.} 44. Ne8 Bh4+ 45. Kg2 Qe2+ 46. Kh1 Bg5 {The simplest.
The rest needs no comments.} 47. Qg3 f4 48. Rfe1 Qxd1 49. Rxd1 fxg3 50. Bxg5
Nxg5 51. Kg2 e3+ 52. Kxg3 e2 53. Re1 Re6 54. Nc7 Re7 0-1

[Event "Reggio Emilia 9697 39th"]
[Site "Reggio Emilia"]
[Date "1996.12.30"]
[Round "5"]
[White "Tatai, Stefano"]
[Black "Mantovani, Renzo"]
[Result "1-0"]
[WhiteElo "2375"]
[BlackElo "2360"]
[Annotator "Atlas,V"]
[PlyCount "97"]
[EventDate "1996.12.26"]
[EventType "tourn"]
[EventRounds "9"]
[EventCountry "ITA"]
[EventCategory "11"]
[SourceTitle "CBM 057"]
[Source "ChessBase"]
[SourceDate "1997.04.01"]
[SourceVersion "1"]
[SourceVersionDate "1997.04.01"]
[SourceQuality "1"]

1. e4 c5 2. Nf3 e6 3. d4 cxd4 4. Nxd4 Nc6 5. Nc3 d6 6. g3 Nf6 7. Bg2 Bd7 8. O-O
Be7 9. Re1 O-O 10. Nxc6 Bxc6 11. a4 Qd7 ({The main alternative is} 11... a6 12.
a5 Qc7 13. Be3 Nd7 14. Na4 Rae8) 12. b3 Rac8 (12... b6 13. Bb2 Qb7 14. b4 e5
15. Qd3 Rac8 16. a5 bxa5 17. b5 Bd7 18. Rxa5 Bd8 19. Ra4 Bb6 20. Qxd6 Ng4 {
Donaldson,J-Ligterink,G/Lone Pine 1978}) 13. Bb2 b6 14. Qe2 Rfd8 15. Rad1 Qc7
16. Rd2 {The most efficient set-up in this sistem. White sucessively increases
the pressure upon the Pd6, whereas Black is deprived of the active counterplay.
} Rd7 17. Nb5 Qd8 18. Red1 Ne8 19. c4 a6 20. Nd4 Ba8 21. f4 Qc7 (21... d5 $2 {
fails to} 22. exd5 exd5 23. Bh3) 22. h3 Rcd8 23. Kh2 Bf6 24. Ba3 Bxd4 {
Desperately seeking for counterchances, Black readily exchanges his bishop in
order to realize the advancement b6-b5.} 25. Rxd4 Bc6 26. R4d2 Qb7 27. Bb2 {
/\Qe3, Bd4} b5 28. cxb5 axb5 29. a5 $14 {Threatening 29.b4+/-} b4 ({Thematic} 
29... d5 {does not solve the defensive problems:} 30. exd5 Bxd5 31. Bxd5 Rxd5
32. Rxd5 Rxd5 33. Rxd5 Qxd5 34. a6 $1 Qxb3 35. a7 Qa4 (35... Qd5 36. Be5 Qb7
37. Bb8 $18) (35... Qa2 36. Qxb5 $18) (35... Nc7 36. Qd2 Qd5 (36... h6 37. Be5
$18) 37. Qc3 $18) 36. Bd4 Nc7 37. Bb6 Na8 38. Qd2 Qa3 39. Qd8+ Qf8 40. Qb8 $18
{/\Bc5}) 30. Bd4 Bb5 31. Qe3 Rc8 32. Ra2 Rdc7 33. Qd2 Ba6 34. e5 ({Impatient} 
34. Ra4 $2 {would be a fatal mistake:} Rc2 35. Qxb4 $140 $2 Rxg2+ $1 36. Kxg2
Qxe4+ 37. Kg1 Bb7 $19) 34... d5 35. f5 $6 ({Unnecessary move. Nothing spoke
against} 35. Ra4 Rc2 36. Qxb4 Qxb4 37. Rxb4 Ra2 38. Ra1 $16) 35... Rc6 36. fxe6
fxe6 37. Qf4 Qf7 38. Qh4 $6 (38. Qxf7+ {was much simpler:} Kxf7 39. Ra4 Rc2 (
39... Rb8 40. Bb6) 40. Rxb4 Ra2 41. Ra1) 38... Rc2 $2 ({A mistake. Better was} 
38... Nc7 $1 {/\Nb5<=>}) 39. Rd2 $16 Rxa2 40. Rxa2 Qd7 $2 (40... Nc7 $16 {
was to be preferred.}) 41. Bb6 $18 Rc1 42. Rf2 $1 (42. Qxb4 Bf1) 42... h6 43.
Qxb4 Kh7 44. Be3 Rd1 45. Qf8 Bb5 46. Bxh6 $1 Qa7 (46... Kxh6 47. Qh8+ Kg6 48.
Bf3 $18) 47. Bd2 Qd4 48. Qf4 Qd3 49. Qh4+ 1-0